Implementácia vybraných priemyselných zberníc do mikročipov PIC

Salvato in:
Dettagli Bibliografici
Autore principale: Kuna, Ivan, 1974- (Autore)
Altri autori: Gese, Augustín, 1945- (Relatore della tesi)
Natura: Manoscritto Libro
Lingua:slovacco
Pubblicazione: STU v Bratislave MTF UIAM, 2010
Soggetti:
Accesso online:VAIS
Tags: Aggiungi Tag
Nessun Tag, puoi essere il primo ad aggiungerne!!

MARC

LEADER 00000ntm a22000003a 4500
001 stu206253
005 20160719160153.4
008 100702s2010------------------------slo-d
040 |a STU  |b slo 
041 0 |a slo 
100 1 |a Kuna, Ivan,  |d 1974-  |4 aut  |X 31552  |7 A000031552 
242 0 0 |a Implementation of selected industrial busses to microchip PIC  |y eng 
245 1 |a Implementácia vybraných priemyselných zberníc do mikročipov PIC 
260 |b STU v Bratislave MTF UIAM,  |c 2010 
650 7 |a Communication  |2 estusub 
700 1 |a Gese, Augustín,  |d 1945-  |4 ths  |u M6000  |U MTF Materiálovotechnologická fakulta  |T MTF Ústav aplikovanej informatiky, automatizácie a matematiky  |X 4404  |U M6000  |Y 86  |7 A000004404 
856 4 |a info a plný text  |u http://is.stuba.sk/zp/portal_zp.pl?podrobnosti=75173  |3 VAIS 
996 |c M*DP-9211  |l MMSKP  |s P  |a 0  |w stu206253_0001